[Event "CYCC U1618 w"]
[Site "Windsor CAN"]
[Date "2010.07.09"]
[Round "7"]
[White "Xiong, Sonja"]
[Black "Zhang, Wenyue"]
[Result "1-0"]
[WhiteElo "1893"]
[BlackElo "1322"]
[PlyCount "61"]
[EventDate "2010.07.06"]
[EventType "swiss"]
[EventRounds "7"]
[EventCountry "CAN"]

1. e4 c5 2. Nf3 d6 3. d4 cxd4 4. Nxd4 Nf6 5. Nc3 g6 6. Be3 Bg7 7. f3 a6 8. Qd2
Nc6 9. O-O-O Qc7 10. Bh6 O-O 11. h4 Nxd4 12. Bxg7 Kxg7 13. Qxd4 h5 14. Be2 Kg8
15. Rdg1 Qc5 16. Qd2 Kh7 17. g4 Be6 18. gxh5 Nxh5 19. f4 Qa5 20. Rg5 Qd8 21.
Bxh5 Rg8 22. Be2 f6 23. Rg3 Bf7 24. h5 Kg7 25. hxg6 Bxg6 26. f5 Kf7 27. Bc4+
Kf8 28. Qh6+ Ke8 29. Bxg8 Kd7 30. Be6+ Kc7 31. fxg6 1-0

[Event "CYCC U18"]
[Site "Windsor CAN"]
[Date "2010.07.06"]
[Round "1"]
[White "Downie, Sheldon"]
[Black "Chung, Kevin"]
[Result "0-1"]
[WhiteElo "1328"]
[BlackElo "2280"]
[PlyCount "84"]
[EventDate "2010.07.06"]
[EventType "swiss"]
[EventRounds "7"]
[EventCountry "CAN"]

1. d4 e6 2. c4 Nf6 3. Nc3 Bb4 4. Bd2 b6 5. f3 Nc6 6. a3 Bxc3 7. Bxc3 d5 8. cxd5
exd5 9. e3 O-O 10. Bd3 Re8 11. Qd2 Qe7 12. O-O-O Qxe3 13. Qxe3 Rxe3 14. Ne2 Bd7
15. Rhe1 Rae8 16. Bb5 Nb8 17. Bxd7 Nbxd7 18. Nf4 Rxe1 19. Rxe1 Rxe1+ 20. Bxe1
Kf8 21. Kc2 Ke7 22. Kd3 c5 23. b3 Kd6 24. g4 Nf8 25. Bg3 Kc6 26. a4 N6d7 27.
Bf2 Ne6 28. Ne2 f6 29. f4 Nc7 30. Nc3 a6 31. f5 Ne8 32. h3 Nd6 33. Be3 Nf8 34.
h4 h5 35. gxh5 Nxf5 36. Bf2 Ne6 37. Ne2 cxd4 38. Nxd4+ Nexd4 39. Bxd4 Nxd4 40.
Kxd4 a5 41. Kd3 Kc5 42. Kc3 d4+ 0-1

[Event "CYCC U18"]
[Site "Windsor CAN"]
[Date "2010.07.06"]
[Round "1"]
[White "Gibson, Kevin"]
[Black "Fan, Brendan"]
[Result "1/2-1/2"]
[WhiteElo "2244"]
[BlackElo "2015"]
[PlyCount "64"]
[EventDate "2010.07.06"]
[EventType "swiss"]
[EventRounds "7"]
[EventCountry "CAN"]

1. d4 Nf6 2. Nf3 e6 3. Bg5 d5 4. Nbd2 Be7 5. e3 O-O 6. Bd3 c5 7. c3 b6 8. Qe2
a5 9. Ne5 Nfd7 10. Bxe7 Qxe7 11. f4 f5 12. Ndf3 Ba6 13. Bxa6 Nxa6 14. Nxd7 Qxd7
15. Ne5 Qc7 16. O-O Nb8 17. c4 Nd7 18. Rac1 Nxe5 19. dxe5 Rad8 20. Rfd1 dxc4
21. Qxc4 Kf7 22. e4 Ke7 23. exf5 exf5 24. Qe2 g6 25. Rd6 Rxd6 26. exd6+ Kxd6
27. Rd1+ Kc6 28. Qe6+ Kb5 29. a4+ Ka6 30. Rd7 Qxf4 31. Qc6 Qe3+ 32. Kf1 Qf4+
1/2-1/2

[Event "CYCC U18"]
[Site "Windsor CAN"]
[Date "2010.07.06"]
[Round "1"]
[White "Hambleton, Aman"]
[Black "Lee, Brendon"]
[Result "1-0"]
[WhiteElo "2315"]
[BlackElo "1936"]
[PlyCount "69"]
[EventDate "2010.07.06"]
[EventType "swiss"]
[EventRounds "7"]
[EventCountry "CAN"]

1. d4 Nf6 2. c4 g6 3. Nc3 d5 4. cxd5 Nxd5 5. Bd2 Bg7 6. e4 Nb6 7. Be3 O-O 8.
Qd2 Nc6 9. Rd1 e5 10. d5 Nd4 11. b3 c6 12. dxc6 bxc6 13. Bd3 Bb7 14. Nge2 Rc8
15. O-O Qe7 16. Qb2 Rfd8 17. f3 c5 18. Qa3 Bf8 19. Bc4 Nc2 20. Qc1 Nxc4 21.
bxc4 Nxe3 22. Qxe3 Qe6 23. Rxd8 Rxd8 24. Nd5 Bxd5 25. exd5 Qa6 26. Qb3 Bh6 27.
Rb1 Kg7 28. g3 Re8 29. Qb5 Qc8 30. Qc6 Qf5 31. Qxe8 Qxb1+ 32. Kf2 Qf5 33. d6
Bg5 34. d7 Qe6 35. d8=Q 1-0

[Event "CYCC U18"]
[Site "Windsor CAN"]
[Date "2010.07.06"]
[Round "1"]
[White "Manley, Jason"]
[Black "Gelis, Paul"]
[Result "0-1"]
[WhiteElo "2035"]
[BlackElo "2216"]
[PlyCount "152"]
[EventDate "2010.07.06"]
[EventType "swiss"]
[EventRounds "7"]
[EventCountry "CAN"]

1. e4 c6 2. d4 d5 3. Nc3 dxe4 4. Nxe4 Nd7 5. Nf3 Ngf6 6. Ng3 e6 7. Bd3 c5 8.
O-O Qc7 9. Re1 Be7 10. c3 O-O 11. Bg5 Re8 12. Qd2 b6 13. Ne4 Bb7 14. Ne5 Nxe5
15. dxe5 Nxe4 16. Bxe4 Rad8 17. Qf4 Bxe4 18. Rxe4 Rd5 19. Bxe7 Qxe7 20. Rae1
Red8 21. Qc1 Rd2 22. R4e2 Rxe2 23. Rxe2 Qd7 24. Kf1 Qd5 25. a3 c4 26. f4 h5 27.
Ke1 b5 28. Qd2 Qa8 29. Qe3 Rd3 30. Qe4 Qd8 31. Qb7 Rd1+ 32. Kf2 Qh4+ 33. g3
Qxh2+ 34. Qg2 Qxg2+ 35. Kxg2 Kf8 36. Kh3 Ke7 37. Kh4 Rh1+ 38. Kg5 h4 39. Kg4
hxg3 40. Kxg3 Rd1 41. Kf3 a6 42. Rh2 Rd3+ 43. Ke4 f5+ 44. exf6+ gxf6 45. f5
exf5+ 46. Kxf5 Rd5+ 47. Ke4 Re5+ 48. Kf4 Ke6 49. Rh8 Rd5 50. Ra8 Rd6 51. a4
bxa4 52. Rb8 Kd5 53. Rb4 a3 54. bxa3 Kc5 55. Rb8 Rd3 56. Ke4 Rxc3 57. Rc8+ Kb5
58. Rb8+ Ka5 59. Kd4 Rb3 60. Rf8 Rb6 61. Kxc4 Ka4 62. Kc5 Rb5+ 63. Kc4 f5 64.
Rf6 Ra5 65. Rh6 Kxa3 66. Rh3+ Kb2 67. Kd4 Ra4+ 68. Ke5 f4 69. Kf5 Rc4 70. Kg4
a5 71. Rh2+ Kb3 72. Rh8 a4 73. Ra8 a3 74. Ra7 a2 75. Ra8 Rb4 76. Ra7 Kb2 0-1

[Event "CYCC U18"]
[Site "Windsor CAN"]
[Date "2010.07.06"]
[Round "2"]
[White "Fan, Brendan"]
[Black "Posaratnanathan, Roy"]
[Result "1-0"]
[WhiteElo "2015"]
[BlackElo "1731"]
[PlyCount "49"]
[EventDate "2010.07.06"]
[EventType "swiss"]
[EventRounds "7"]
[EventCountry "CAN"]

1. e4 c5 2. Nc3 Nc6 3. Bb5 Nd4 4. Bc4 d6 5. d3 g6 6. h3 Bg7 7. Nf3 a6 8. O-O b5
9. Bd5 Rb8 10. Nxd4 cxd4 11. Ne2 e5 12. a4 b4 13. Ng3 Ne7 14. Bc4 O-O 15. f4 d5
16. exd5 Nxd5 17. Qf3 Bb7 18. Ne4 Ne3 19. Bxe3 dxe3 20. Qxe3 exf4 21. Qxf4 Bxb2
22. Rab1 Bd5 23. Rxb2 Bxc4 24. Nf6+ Kg7 25. dxc4 1-0

[Event "CYCC U18"]
[Site "Windsor CAN"]
[Date "2010.07.06"]
[Round "2"]
[White "Gelis, Paul"]
[Black "Hambleton, Aman"]
[Result "0-1"]
[WhiteElo "2216"]
[BlackElo "2315"]
[PlyCount "76"]
[EventDate "2010.07.06"]
[EventType "swiss"]
[EventRounds "7"]
[EventCountry "CAN"]

1. c4 c5 2. Nf3 e6 3. Nc3 a6 4. g3 b6 5. Bg2 Bb7 6. O-O Nf6 7. Re1 d6 8. e4
Nbd7 9. d4 cxd4 10. Nxd4 Qc7 11. Be3 Be7 12. Rc1 Nc5 13. f3 Rc8 14. Qd2 O-O 15.
b4 Ncd7 16. Na4 Qb8 17. Nb3 Bc6 18. Nb2 Rfe8 19. a4 Ba8 20. Nd3 Red8 21. Qf2
Bf8 22. a5 bxa5 23. Nxa5 Ne5 24. Nxe5 dxe5 25. b5 axb5 26. Rb1 b4 27. c5 Bxe4
28. fxe4 Ng4 29. Qf3 Nxe3 30. Rxe3 Bxc5 31. Nb3 Bxe3+ 32. Qxe3 Rc3 33. Qf2 Rdc8
34. Rb2 Qa8 35. Ra2 Qc6 36. Qb2 Qc4 37. Nd2 Qd4+ 38. Kf1 b3 0-1

[Event "CYCC U18"]
[Site "Windsor CAN"]
[Date "2010.07.06"]
[Round "2"]
[White "Lee, Brendon"]
[Black "Downie, Sheldon"]
[Result "1-0"]
[WhiteElo "1936"]
[BlackElo "1328"]
[PlyCount "63"]
[EventDate "2010.07.06"]
[EventType "swiss"]
[EventRounds "7"]
[EventCountry "CAN"]

1. e4 e6 2. d3 d5 3. Nd2 dxe4 4. dxe4 Nc6 5. Ngf3 e5 6. Bd3 Nf6 7. O-O Be7 8.
h3 O-O 9. Nc4 Bd6 10. Re1 h6 11. Bd2 Re8 12. c3 b6 13. Qc2 Bb7 14. Rad1 a6 15.
Ne3 Ne7 16. Nh4 Rc8 17. Nef5 Nxf5 18. Nxf5 Kh7 19. Bc4 Qd7 20. f3 b5 21. Bb3 a5
22. a3 Rf8 23. Qc1 Ng8 24. Kh1 Rcd8 25. Bc2 Qe6 26. f4 exf4 27. e5 Bxg2+ 28.
Kh2 Be4 29. exd6 cxd6 30. Bxe4 g6 31. Nd4 Qf6 32. Bxf4 1-0

[Event "CYCC U18"]
[Site "Windsor CAN"]
[Date "2010.07.06"]
[Round "2"]
[White "Manley, Jason"]
[Black "Gibson, Kevin"]
[Result "1/2-1/2"]
[WhiteElo "2035"]
[BlackElo "2244"]
[PlyCount "88"]
[EventDate "2010.07.06"]
[EventType "swiss"]
[EventRounds "7"]
[EventCountry "CAN"]

1. e4 d6 2. d4 Nf6 3. Nc3 g6 4. f4 Bg7 5. Nf3 O-O 6. Bd3 Bg4 7. e5 dxe5 8. dxe5
Nd5 9. Bd2 c5 10. Be4 Nxc3 11. Bxc3 Nc6 12. O-O Rc8 13. Qe1 Qb6 14. Qg3 Bxf3
15. Rxf3 e6 16. Kh1 Rfd8 17. h3 Rd7 18. Qe1 Qd8 19. Rd3 Rxd3 20. Bxd3 Rc7 21.
Be4 Ne7 22. Rd1 Rd7 23. Rxd7 Qxd7 24. Qd2 Qxd2 25. Bxd2 b6 26. Kg1 f6 27. Bc3
f5 28. Bf3 g5 29. fxg5 Ng6 30. b4 cxb4 31. Bxb4 Bxe5 32. Bd2 Bd4+ 33. Kf1 Kf7
34. Ke2 Ke7 35. Kd3 Bc5 36. Bc3 e5 37. Bd5 Nf4+ 38. Kc4 Bd6 39. Bg8 Nxg2 40.
Bxh7 Ne3+ 41. Kd3 f4 42. h4 Ng2 43. h5 Kf7 44. h6 Nh4 1/2-1/2

[Event "CYCC U18"]
[Site "Windsor CAN"]
[Date "2010.07.07"]
[Round "3"]
[White "Chung, Kevin"]
[Black "Fan, Brendan"]
[Result "1-0"]
[WhiteElo "2280"]
[BlackElo "2015"]
[PlyCount "81"]
[EventDate "2010.07.06"]
[EventType "swiss"]
[EventRounds "7"]
[EventCountry "CAN"]

1. e4 c5 2. Nf3 d6 3. d4 cxd4 4. Nxd4 Nf6 5. Nc3 Bd7 6. Bg5 e6 7. Qd2 a6 8. Be2
h6 9. Be3 Nc6 10. O-O Be7 11. Rad1 O-O 12. f4 b5 13. a3 Qc7 14. g4 Nxd4 15.
Bxd4 e5 16. Be3 Bxg4 17. Bxg4 Nxg4 18. Nd5 Qb7 19. f5 Nxe3 20. Qxe3 Bg5 21. Qg3
Rac8 22. h4 Bd8 23. f6 g6 24. h5 g5 25. c3 a5 26. Qg2 Kh8 27. Kh2 Rc4 28. b3
Rc5 29. Rd3 Rg8 30. Ne3 Kh7 31. Qf3 Qd7 32. Nf5 Rc6 33. Rfd1 Qe6 34. c4 bxc4
35. Rxd6 Qc8 36. Ne7 Bxe7 37. fxe7 f5 38. Rxc6 Qxc6 39. Qxf5+ Kg7 40. Qxe5+ Kf7
41. Rf1+ 1-0

[Event "CYCC U18"]
[Site "Windsor CAN"]
[Date "2010.07.07"]
[Round "3"]
[White "Gibson, Kevin"]
[Black "Gelis, Paul"]
[Result "1/2-1/2"]
[WhiteElo "2244"]
[BlackElo "2216"]
[PlyCount "69"]
[EventDate "2010.07.06"]
[EventType "swiss"]
[EventRounds "7"]
[EventCountry "CAN"]

1. d4 d5 2. Nd2 Nf6 3. Ngf3 Bf5 4. e3 e6 5. Bd3 Bxd3 6. cxd3 c5 7. dxc5 Bxc5 8.
O-O O-O 9. b3 Qe7 10. Bb2 Nc6 11. Re1 Ba3 12. Bxa3 Qxa3 13. Qc1 Qa6 14. Qc3
Rac8 15. Rec1 b6 16. b4 d4 17. Qb3 Qb5 18. Rc4 dxe3 19. fxe3 Ne5 20. Nxe5 Qxe5
21. d4 Qh5 22. Nf3 Nd5 23. Rac1 Rcd8 24. e4 Nf6 25. Qe3 Qb5 26. a3 h6 27. Ne5
a5 28. bxa5 bxa5 29. Nc6 Ra8 30. Qd3 Qg5 31. Rc5 Qf4 32. Qf3 Qd2 33. R5c2 Qg5
34. Rc5 Qd2 35. R5c2 1/2-1/2

[Event "CYCC U18"]
[Site "Windsor CAN"]
[Date "2010.07.07"]
[Round "3"]
[White "Lee, Brendon"]
[Black "Manley, Jason"]
[Result "0-1"]
[WhiteElo "1936"]
[BlackElo "2038"]
[PlyCount "74"]
[EventDate "2010.07.06"]
[EventType "swiss"]
[EventRounds "7"]
[EventCountry "CAN"]

1. e4 e5 2. Nf3 Nc6 3. Bb5 Nf6 4. O-O Nxe4 5. Re1 Nd6 6. Bxc6 dxc6 7. Nxe5 Be7
8. d4 O-O 9. Nd2 Nf5 10. c3 c5 11. Ndf3 cxd4 12. cxd4 Be6 13. Be3 c6 14. Nd3
Bf6 15. Nf4 Bd5 16. Ne5 Re8 17. Qc2 g6 18. Qc3 Qd6 19. Nfd3 b6 20. Bf4 Qf8 21.
Rad1 Bxa2 22. Qxc6 Bg7 23. Qa4 Be6 24. Nb4 f6 25. Nec6 a5 26. Nc2 Qf7 27. Qb5
Bb3 28. Re2 Qd5 29. Rxe8+ Rxe8 30. Qxd5+ Bxd5 31. Nb8 g5 32. Bc7 Rc8 33. Bxb6
Rxb8 34. g4 Rxb6 35. gxf5 Rxb2 36. Ne3 Bf3 37. Nc4 Rc2 0-1

[Event "CYCC U18"]
[Site "Windsor CAN"]
[Date "2010.07.07"]
[Round "3"]
[White "Posaratnanathan, Roy"]
[Black "Downie, Sheldon"]
[Result "1-0"]
[WhiteElo "1731"]
[BlackElo "1328"]
[PlyCount "93"]
[EventDate "2010.07.06"]
[EventType "swiss"]
[EventRounds "7"]
[EventCountry "CAN"]

1. e4 e6 2. d4 d5 3. Bd3 c5 4. dxc5 Bxc5 5. exd5 exd5 6. Nc3 Ne7 7. Nf3 Bg4 8.
O-O O-O 9. Bxh7+ Kxh7 10. Ng5+ Kg8 11. Qxg4 Nd7 12. Nf3 Nf6 13. Qa4 Qd7 14.
Qxd7 Nxd7 15. Bg5 Nb6 16. Rfe1 Rfe8 17. Rad1 f6 18. Bc1 Bb4 19. Rd3 Rad8 20.
Red1 Bxc3 21. Rxc3 Rc8 22. Rxc8 Rxc8 23. Nd4 Nc6 24. Nxc6 bxc6 25. Kf1 Rb8 26.
Be3 Rb7 27. b3 Rc7 28. a4 Nd7 29. Ke2 Kf7 30. h4 Ne5 31. f3 f5 32. h5 a6 33.
Bf4 Re7 34. Bxe5 Rxe5+ 35. Kd3 c5 36. Rh1 Re6 37. g4 f4 38. Rh3 Kg8 39. Kd2 Kh7
40. h6 Rxh6 41. Rxh6+ Kxh6 42. c3 a5 43. Kd3 Kg6 44. b4 c4+ 45. Kd4 axb4 46.
cxb4 Kf6 47. a5 1-0

[Event "CYCC U18"]
[Site "Windsor CAN"]
[Date "2010.07.07"]
[Round "4"]
[White "Chung, Kevin"]
[Black "Hambleton, Aman"]
[Result "0-1"]
[WhiteElo "2280"]
[BlackElo "2315"]
[PlyCount "137"]
[EventDate "2010.07.06"]
[EventType "swiss"]
[EventRounds "7"]
[EventCountry "CAN"]

1. e4 e6 2. d4 d5 3. Nc3 Bb4 4. exd5 exd5 5. Qf3 Nc6 6. Bb5 Nge7 7. Bg5 f6 8.
Bf4 O-O 9. Nge2 a6 10. Bxc6 Nxc6 11. a3 Bxc3+ 12. Qxc3 Re8 13. Be3 Bg4 14. Ng3
Qd7 15. O-O h5 16. f3 h4 17. Nh1 Bf5 18. Rfe1 Ne7 19. Nf2 g5 20. Re2 Kf7 21.
Rae1 Ng6 22. Bc1 Rxe2 23. Rxe2 Rg8 24. b3 Qd6 25. Qb4 Qxb4 26. axb4 Ne7 27. Ba3
Nc6 28. c3 Re8 29. Rxe8 Kxe8 30. Ng4 Bxg4 31. fxg4 Na7 32. Bc1 Nb5 33. Bb2 Nd6
34. Kf2 Kd7 35. Ke3 Kc6 36. Bc1 Kb5 37. Bd2 b6 38. Kd3 a5 39. bxa5 bxa5 40. Kc2
Ne4 41. Bc1 a4 42. Ba3 axb3+ 43. Kxb3 Nd2+ 44. Kc2 Nc4 45. Be7 Ne3+ 46. Kd2
Nxg4 47. h3 Nf2 48. Ke3 Ne4 49. Kd3 Kc6 50. c4 Kd7 51. Bb4 c6 52. cxd5 cxd5 53.
Ke3 Ke6 54. Kf3 Kf5 55. Ba5 Nd6 56. Be1 Nb5 57. Bf2 Nc7 58. Bg1 Ne6 59. Bf2 Kg6
60. Bg1 f5 61. Bf2 Kh5 62. Be3 g4+ 63. hxg4+ fxg4+ 64. Ke2 Kg6 65. Bf2 Kg5 66.
Ke3 g3 67. Be1 Kg4 68. Ke2 Nxd4+ 69. Ke3 0-1

[Event "CYCC U18"]
[Site "Windsor CAN"]
[Date "2010.07.07"]
[Round "4"]
[White "Downie, Sheldon"]
[Black "Manley, Jason"]
[Result "0-1"]
[WhiteElo "1327"]
[BlackElo "2038"]
[PlyCount "42"]
[EventDate "2010.07.06"]
[EventType "swiss"]
[EventRounds "7"]
[EventCountry "CAN"]

1. d4 d5 2. c4 e6 3. Nc3 Nf6 4. Bg5 Nbd7 5. Nf3 Be7 6. e3 O-O 7. cxd5 exd5 8.
Bd3 c6 9. O-O Ne4 10. Nxe4 dxe4 11. Bxe4 Bxg5 12. Qc2 h6 13. Rac1 Nb6 14. Rfd1
Be6 15. a3 Bd5 16. Bxd5 Nxd5 17. h4 Bxh4 18. Nxh4 Qxh4 19. Qf5 Rfe8 20. Re1 Re6
21. e4 Rf6 0-1

[Event "CYCC U18"]
[Site "Windsor CAN"]
[Date "2010.07.07"]
[Round "4"]
[White "Gelis, Paul"]
[Black "Fan, Brendan"]
[Result "1-0"]
[WhiteElo "2216"]
[BlackElo "2015"]
[PlyCount "175"]
[EventDate "2010.07.06"]
[EventType "swiss"]
[EventRounds "7"]
[EventCountry "CAN"]

1. d4 Nf6 2. Nf3 e6 3. c4 Bb4+ 4. Nbd2 O-O 5. e3 b6 6. Bd3 Bb7 7. O-O c5 8.
dxc5 Bxc5 9. a3 a5 10. b3 Qe7 11. Bb2 d5 12. Qe2 Nc6 13. e4 d4 14. e5 Ng4 15.
Bxh7+ Kxh7 16. Qe4+ Kg8 17. Qxg4 Rab8 18. Rfe1 Ba8 19. Nxd4 Nxd4 20. Bxd4 Bxd4
21. Qxd4 Rfd8 22. Qe3 Rd7 23. Nf1 b5 24. c5 Rbd8 25. b4 Rd3 26. Qe2 Qb7 27. f3
Qd5 28. Qf2 Qb3 29. bxa5 Qa4 30. Qb2 Rb3 31. Qc2 Rdd3 32. Rab1 Rdc3 33. Qd2 Rd3
34. Qc2 Rdc3 35. Qd2 Rd3 36. Qf2 Rxa3 37. Rec1 Bc6 38. Ng3 Qxa5 39. Nh5 Rd2 40.
Qg3 g6 41. Nf6+ Kg7 42. Rd1 Raa2 43. Rxd2 Qxd2 44. h4 b4 45. h5 b3 46. hxg6
fxg6 47. Ng4 b2 48. Qh4 Qf4 49. Qe7+ Qf7 50. Qxf7+ Kxf7 51. Kf2 Ra5 52. Rxb2
Rxc5 53. Ra2 Rb5 54. Ke3 Rb4 55. Ra7+ Rb7 56. Rxb7+ Bxb7 57. Kf4 Ba6 58. Kg5
Kg7 59. Kf4 Bb5 60. Ke4 Kf7 61. g3 Ba4 62. Ne3 Bc6+ 63. Kf4 Bb5 64. Kg5 Be2 65.
f4 Bd3 66. Kh6 Be2 67. Ng2 Bf3 68. Ne1 Be4 69. Kg5 Kg7 70. Kg4 Bf5+ 71. Kf3 Bb1
72. Ke3 Ba2 73. Nf3 Bd5 74. Ng5 Bb3 75. Kd4 Kf8 76. Kc5 Ke7 77. Kc6 Bd5+ 78.
Kc7 Bg2 79. Nh7 Bf1 80. Nf6 Bc4 81. Ne4 Bb3 82. Nc5 Bc4 83. Nb7 Bb3 84. Na5 Bd5
85. Nc6+ Ke8 86. Kd6 Bc4 87. Nd4 Kf7 88. Nf3 1-0

[Event "CYCC U18"]
[Site "Windsor CAN"]
[Date "2010.07.07"]
[Round "4"]
[White "Posaratnanathan, Roy"]
[Black "Lee, Brendon"]
[Result "1-0"]
[WhiteElo "1731"]
[BlackElo "1936"]
[PlyCount "65"]
[EventDate "2010.07.06"]
[EventType "swiss"]
[EventRounds "7"]
[EventCountry "CAN"]

1. e4 c5 2. Nf3 d6 3. d4 cxd4 4. Nxd4 Nf6 5. Nc3 g6 6. Be3 Bg7 7. f3 O-O 8. Qd2
Nc6 9. O-O-O Bd7 10. h4 a6 11. g4 b5 12. Nxc6 Bxc6 13. Bh6 Rb8 14. Bxg7 Kxg7
15. Nd5 Bxd5 16. exd5 Qb6 17. h5 Qc5 18. hxg6 fxg6 19. Qh6+ Kg8 20. g5 Nh5 21.
Re1 Rf7 22. Bd3 Nf4 23. Bxg6 Nxg6 24. Re6 Qd4 25. Rxg6+ hxg6 26. Qxg6+ Qg7 27.
Qe6 Re8 28. g6 Ref8 29. Rg1 Qh6+ 30. Kd1 Qh2 31. gxf7+ Kh7 32. Qg6+ Kh8 33.
Qg7# 1-0

[Event "CYCC U18"]
[Site "Windsor CAN"]
[Date "2010.07.08"]
[Round "5"]
[White "Fan, Brendan"]
[Black "Downie, Sheldon"]
[Result "1-0"]
[WhiteElo "2016"]
[BlackElo "1328"]
[PlyCount "87"]
[EventDate "2010.07.06"]
[EventType "swiss"]
[EventRounds "7"]
[EventCountry "CAN"]

1. e4 e6 2. d4 d5 3. Nd2 dxe4 4. Nxe4 Nd7 5. Nf3 Ngf6 6. Ng3 c5 7. Be2 Be7 8.
O-O O-O 9. c3 h6 10. Qc2 Qc7 11. Be3 b6 12. Rfd1 Rd8 13. h3 Bb7 14. c4 cxd4 15.
Nxd4 Bc5 16. Nb5 Qe5 17. Bxc5 Qxc5 18. Nd6 Bc6 19. Rab1 Ne8 20. b4 Qe5 21. Nxe8
Rxe8 22. b5 Bxg2 23. Kxg2 Nc5 24. Bf3 Rac8 25. Qe2 Qxe2 26. Nxe2 Na4 27. Bc6
Red8 28. Kf1 Kf8 29. Ke1 Ke7 30. Rxd8 Rxd8 31. Rb3 Nc5 32. Ra3 Nd3+ 33. Kf1 Kf8
34. Rxa7 Nb2 35. Ra8 Rxa8 36. Bxa8 Nxc4 37. Nc3 f5 38. Ke2 Ke7 39. Kd3 Nd6 40.
Bc6 Kd8 41. Na4 Nc8 42. Kd4 Ke7 43. Bb7 Nd6 44. Ba6 1-0

[Event "CYCC U18"]
[Site "Windsor CAN"]
[Date "2010.07.08"]
[Round "5"]
[White "Gelis, Paul"]
[Black "Chung, Kevin"]
[Result "0-1"]
[WhiteElo "2216"]
[BlackElo "2280"]
[PlyCount "78"]
[EventDate "2010.07.06"]
[EventType "swiss"]
[EventRounds "7"]
[EventCountry "CAN"]

1. d4 e6 2. Nf3 d5 3. c4 Nf6 4. Nc3 Be7 5. Bg5 h6 6. Bh4 O-O 7. e3 b6 8. cxd5
Nxd5 9. Bxe7 Qxe7 10. Nxd5 exd5 11. Qd2 Be6 12. Bd3 c5 13. O-O Nd7 14. Bb5 Nf6
15. Ne5 c4 16. f3 a6 17. Ba4 Rfc8 18. g4 b5 19. Bc2 Nd7 20. Qg2 Nxe5 21. dxe5
Qg5 22. Rae1 Qxe5 23. f4 Qd6 24. f5 Bd7 25. f6 d4 26. fxg7 d3 27. Qf2 Qg6 28.
Bd1 Bxg4 29. Bxg4 Qxg4+ 30. Kh1 Qe4+ 31. Kg1 Ra7 32. h3 Rd7 33. Qd2 Rc6 34. Rf4
Qe5 35. Qf2 Rg6+ 36. Kh1 d2 37. Rd1 Qh5 38. Rxd2 Qxh3+ 39. Qh2 Qxh2+ 0-1

[Event "CYCC U18"]
[Site "Windsor CAN"]
[Date "2010.07.08"]
[Round "5"]
[White "Gibson, Kevin"]
[Black "Lee, Brendon"]
[Result "1-0"]
[WhiteElo "2244"]
[BlackElo "1936"]
[PlyCount "59"]
[EventDate "2010.07.06"]
[EventType "swiss"]
[EventRounds "7"]
[EventCountry "CAN"]

1. d4 Nf6 2. Nf3 g6 3. c4 Bg7 4. Nc3 d5 5. cxd5 Nxd5 6. e4 Nxc3 7. bxc3 O-O 8.
h3 c5 9. Be3 Nc6 10. Qd2 cxd4 11. cxd4 a6 12. Rd1 b5 13. d5 Ne5 14. Nxe5 Bxe5
15. f4 Bg7 16. Be2 e5 17. O-O Bb7 18. f5 f6 19. Bg4 Bc8 20. Rc1 Rf7 21. h4 gxf5
22. Bxf5 Bxf5 23. Rxf5 Rc8 24. Rff1 Rxc1 25. Qxc1 Rc7 26. Qd1 Qd7 27. h5 Rc3
28. Qd2 Rc4 29. h6 Bh8 30. d6 1-0

[Event "CYCC U18"]
[Site "Windsor CAN"]
[Date "2010.07.08"]
[Round "5"]
[White "Hambleton, Aman"]
[Black "Posaratnanathan, Roy"]
[Result "1-0"]
[WhiteElo "2315"]
[BlackElo "1736"]
[PlyCount "57"]
[EventDate "2010.07.06"]
[EventType "swiss"]
[EventRounds "7"]
[EventCountry "CAN"]

1. d4 Nf6 2. c4 e6 3. Nc3 Bb4 4. Qc2 c5 5. dxc5 Qa5 6. Bd2 Qxc5 7. e3 O-O 8. a3
Bxc3 9. Bxc3 Qc7 10. Nf3 d6 11. Be2 b6 12. O-O Nbd7 13. Nd4 a6 14. a4 Bb7 15.
a5 Be4 16. Qb3 Nc5 17. Qxb6 Qxb6 18. axb6 Rfb8 19. f3 Bd3 20. Bxd3 Nxd3 21.
Rfd1 Ne5 22. b3 Rxb6 23. Nb5 Ned7 24. Rxd6 Rxd6 25. Nxd6 h6 26. e4 Rb8 27. b4
Kf8 28. Rxa6 e5 29. c5 1-0

[Event "CYCC U18"]
[Site "Windsor CAN"]
[Date "2010.07.08"]
[Round "6"]
[White "Chung, Kevin"]
[Black "Manley, Jason"]
[Result "1-0"]
[WhiteElo "2280"]
[BlackElo "2038"]
[PlyCount "51"]
[EventDate "2010.07.06"]
[EventType "swiss"]
[EventRounds "7"]
[EventCountry "CAN"]

1. e4 e5 2. Nf3 Nc6 3. Bc4 Bc5 4. O-O d6 5. h3 Nf6 6. Re1 O-O 7. c3 h6 8. d4
Bb6 9. a4 a6 10. Na3 exd4 11. cxd4 Nxe4 12. Bxf7+ Rxf7 13. Rxe4 Bf5 14. Re2
Bxh3 15. d5 Rxf3 16. dxc6 Rxf2 17. Rxf2 Qh4 18. Be3 Re8 19. Bxb6 cxb6 20. Qf3
Bxg2 21. Qxg2 Re5 22. cxb7 Rg5 23. b8=Q+ Kh7 24. Qbb7 Rxg2+ 25. Qxg2 Qxf2+ 26.
Qxf2 1-0

[Event "CYCC U18"]
[Site "Windsor CAN"]
[Date "2010.07.08"]
[Round "6"]
[White "Downie, Sheldon"]
[Black "Hambleton, Aman"]
[Result "0-1"]
[WhiteElo "1327"]
[BlackElo "2315"]
[PlyCount "36"]
[EventDate "2010.07.06"]
[EventType "swiss"]
[EventRounds "7"]
[EventCountry "CAN"]

1. d4 Nf6 2. c4 c5 3. d5 b5 4. b3 e6 5. Bg5 h6 6. Bh4 g5 7. Bg3 Bg7 8. Nd2 exd5
9. cxd5 Qa5 10. Qc2 O-O 11. f3 Nxd5 12. Rc1 Ne3 13. Qd3 Nxf1 14. Kxf1 Na6 15.
h4 Nb4 16. Qe4 d5 17. Qb1 Nxa2 18. Rc2 Nc3 0-1

[Event "CYCC U18"]
[Site "Windsor CAN"]
[Date "2010.07.08"]
[Round "6"]
[White "Lee, Brendon"]
[Black "Fan, Brendan"]
[Result "0-1"]
[WhiteElo "1936"]
[BlackElo "2015"]
[PlyCount "110"]
[EventDate "2010.07.06"]
[EventType "swiss"]
[EventRounds "7"]
[EventCountry "CAN"]

1. e4 c5 2. Nf3 d6 3. d4 cxd4 4. Nxd4 Nf6 5. Nc3 Bd7 6. Be2 e5 7. Ndb5 Bc6 8.
Bf3 a6 9. Na3 b5 10. Nd5 Bxd5 11. exd5 Nbd7 12. O-O g6 13. c4 b4 14. Nc2 a5 15.
Re1 Bg7 16. Nd4 O-O 17. Nc6 Qc7 18. a3 bxa3 19. Rxa3 Nc5 20. Bd2 a4 21. Qc2
Nfd7 22. Bd1 Nb8 23. Nb4 Rc8 24. Bf3 Nb3 25. Nc6 Nxc6 26. dxc6 Nd4 27. Qc1
Nxf3+ 28. Rxf3 Qxc6 29. Bh6 Qxc4 30. Qg5 Bxh6 31. Qxh6 f5 32. h4 Qf7 33. h5 Kh8
34. Rd1 Ra6 35. Rg3 Qg7 36. Qg5 f4 37. Rh3 gxh5 38. Qxh5 Rg8 39. Rh2 Qg6 40.
Qe2 Rb6 41. Rc1 Rb3 42. Rc7 Rh3 43. Qf1 Rxh2 44. Kxh2 f3 45. g3 Qh6+ 46. Qh3
Qxh3+ 47. Kxh3 Rb8 48. Kg4 e4 49. Rc2 Kg7 50. Kf5 d5 51. Ke5 Rb5 52. Rc7+ Kg6
53. Rc2 Kg5 54. Rd2 Kg4 55. Rc2 e3 0-1

[Event "CYCC U18"]
[Site "Windsor CAN"]
[Date "2010.07.08"]
[Round "6"]
[White "Posaratnanathan, Roy"]
[Black "Gibson, Kevin"]
[Result "0-1"]
[WhiteElo "1731"]
[BlackElo "2244"]
[PlyCount "86"]
[EventDate "2010.07.06"]
[EventType "swiss"]
[EventRounds "7"]
[EventCountry "CAN"]

1. e4 d6 2. d4 g6 3. Nc3 Nf6 4. Be3 Bg7 5. Nf3 O-O 6. h3 c6 7. Bd3 Qc7 8. Qd2
Rd8 9. O-O Nbd7 10. a4 a5 11. Rad1 e5 12. dxe5 Nxe5 13. Nxe5 dxe5 14. Qe2 Ne8
15. Bc4 Nd6 16. Bb3 b6 17. Qf3 Ba6 18. Rfe1 h6 19. Rd2 Nc4 20. Bxc4 Bxc4 21.
Red1 Bf8 22. Rxd8 Rxd8 23. Rxd8 Qxd8 24. Qd1 Qc7 25. b3 Be6 26. Qd3 Bc8 27. f3
Kh7 28. Ne2 Be7 29. c4 Qd8 30. Qxd8 Bxd8 31. Nc3 Be6 32. Kf2 f5 33. Ke2 Kg7 34.
Kd3 Kf7 35. exf5 gxf5 36. Bxh6 f4 37. Ne4 Bf5 38. Kc3 Bxe4 39. fxe4 Be7 40. g4
fxg3 41. Be3 Bc5 42. Kd3 g2 43. Bxc5 bxc5 0-1

[Event "CYCC U18"]
[Site "Windsor CAN"]
[Date "2010.07.09"]
[Round "7"]
[White "Chung, Kevin"]
[Black "Posaratnanathan, Roy"]
[Result "1-0"]
[WhiteElo "2280"]
[BlackElo "1736"]
[PlyCount "41"]
[EventDate "2010.07.06"]
[EventType "swiss"]
[EventRounds "7"]
[EventCountry "CAN"]

1. e4 c5 2. Nf3 Nc6 3. d4 cxd4 4. Nxd4 Nf6 5. Nc3 d6 6. Be2 Bd7 7. O-O a6 8.
Be3 e6 9. a4 Be7 10. f4 O-O 11. Nb3 b6 12. Qe1 Bc8 13. Bf3 Bb7 14. Qf2 Nd7 15.
Nd2 Qc7 16. Nc4 Nc5 17. e5 d5 18. Bxd5 exd5 19. Nxd5 Qd8 20. Ncxb6 Nb4 21.
Nxe7+ 1-0